Normal view MARC view

Entry Personal Name

Number of records used in: 1

001 - CONTROL NUMBER

  • control field: 165860

003 - CONTROL NUMBER IDENTIFIER

  • control field: OSt

005 - DATE AND TIME OF LATEST TRANSACTION

  • control field: 20220923222057.0

008 - FIXED-LENGTH DATA ELEMENTS

  • fixed length control field: 220923|| aca||aabn | a|a d

040 ## - CATALOGING SOURCE

  • Original cataloging agency: OSt
  • Transcribing agency: OSt

100 ## - HEADING--PERSONAL NAME

  • Personal name: आशापूर्णा; तिवारी, हंसकुमार, उपन्यास, अनु

670 ## - SOURCE DATA FOUND

  • Source citation: Work cat.: (OSt)353701: आशापूर्णा; तिवारी, हंसकुमार, उपन्यास, अनु., युगे युगे प्रेमःनारी जीवन का मार्मिक बंगला, 1969
Copyright @ Delhi University Library System